| 000 | 00699nam a2200229 a 4500 | ||
|---|---|---|---|
| 008 | 951213s1983||||[C 0 slo c | ||
| 020 |
_c23 Kčs. _q(12000 výtl.) |
||
| 040 |
_aSNK _bslo _cSNK _eAACR2 |
||
| 041 | 1 |
_aslo _hslo |
|
| 044 | _a[CS] | ||
| 080 | _a885.4-3 | ||
| 100 | 1 |
_aZelinová, Hana _d1914- _4aut |
|
| 245 | 1 | 0 |
_aKľukatý let motýľa _cHana Zelinová ; Pavol Blažo, František Blaško |
| 250 | _a1., vyd. | ||
| 260 |
_aBratislava _bSlovenský spisovateľ _c1983 _eŽilina _fPravda |
||
| 300 |
_a365 s., 19,84 AH _c21 cm |
||
| 490 | 0 | _aNová próza | |
| 500 | _aIlustr. na front. a predsádke. | ||
| 700 | 1 |
_aBlažo, Pavol _4bkd |
|
| 700 | 1 |
_aBlaško, František _4bkd |
|
| 958 | _aA | ||
| 999 |
_c8000 _d8000 |
||